000 00567nab a2200193 a 4500
005 20210219161914.0
008 991125s1985 mx 000 0 spa u
035 _aUPN01000194246
100 1 _aYárnoz Yaben, Sagrario
222 _aESTUDIOS DE PSICOLOGIA
245 _a¿ Y si todo fue un error ? : pensamientos negativos y ajuste al divorcio
260 _aMadrid, España
300 _a185-195
362 0 _a2013 Vol. 34, no. 2, jun.
653 0 _aDIVORCIO
653 0 _aPENSAMIENTOS NEGATIVOS
653 0 _aSATISFACCION CON LA VIDA
905 _aArticulo
999 _c166347
_d166347